00542nam a2200193 a 4500001001300000003000900013005001700022008004100039020001000080082001600090100002900106245005500135260003900190300000900229500003500238505001700273650002900290700002900319nice12345678IN_TiNIC20260116012815.0050524s1985 luca grp 000 0 eng  ac10000a297.82bNOM aNomani, Mohammad Manzoor aKhomeini, Iranian Revolution and the Shi`te Faith. aLucknowbAlfurqan Book Depotc1985 a198p aincludes index and biblioraphy2 aBibliography aShiah-Doctrines-Khomeini1 aNomani, Mohammad Manzoor